[Event "Chess Ladies Vienna"]
[Site "Haus des Schachsports, 1020 W"]
[Date "2013.05.18"]
[Round "1.1"]
[White "Schnegg, Anna-Lena"]
[Black "Umudova, Nargiz"]
[Result "1-0"]
[WhiteElo "2115"]
[BlackElo "2233"]
[PlyCount "61"]
[EventDate "2013.05.18"]
[EventRounds "9"]
[EventCountry "AUT"]

1. e4 c6 2. d4 d5 3. Nc3 dxe4 4. Nxe4 Nf6 5. Nxf6+ gxf6 6. Nf3 Bg4 7. Bc4 e6 8.
c3 Qc7 9. h3 Bh5 10. g4 Bg6 11. Nh4 Be4 12. Nf3 Nd7 13. Qe2 Bd5 14. Bxd5 cxd5
15. Bd2 Bd6 16. h4 h6 17. O-O-O O-O-O 18. Kb1 Bf4 19. g5 hxg5 20. hxg5 fxg5 21.
Nxg5 Bxg5 22. Bxg5 Rdg8 23. Qf3 Nf8 24. Rxh8 Rxh8 25. Bf4 Qe7 26. c4 dxc4 27.
Rc1 Ng6 28. Rxc4+ Kd8 29. Bc7+ Ke8 30. Be5 Kf8 31. Rc8+ 1-0

[Event "Chess Ladies Vienna"]
[Site "Haus des Schachsports, 1020 W"]
[Date "2013.05.18"]
[Round "1.2"]
[White "Exler, Veronika"]
[Black "Haast, Anne"]
[Result "0-1"]
[WhiteElo "2095"]
[BlackElo "2260"]
[PlyCount "128"]
[EventDate "2013.05.18"]
[EventRounds "9"]
[EventCountry "AUT"]

1. d4 Nf6 2. g3 d5 3. Bg2 Bf5 4. c4 c6 5. Qb3 Qb6 6. Qxb6 axb6 7. cxd5 cxd5 8.
Nc3 e6 9. Nf3 Nc6 10. O-O h6 11. Nb5 Ra5 12. a4 Bc2 13. Ne5 Bb4 14. Nd3 Bxa4
15. Nc3 Bb3 16. Bf4 Be7 17. Bc7 Nd7 18. e4 dxe4 19. Bxe4 O-O 20. Bxc6 bxc6 21.
Rxa5 bxa5 22. Bxa5 Bc4 23. Rd1 Rb8 24. b4 Bxd3 25. Rxd3 Bxb4 26. Bxb4 Rxb4 27.
Kf1 Kf8 28. Ke2 Ke7 29. Rd2 Nf6 30. f3 Ne8 31. Na2 Rc4 32. Kd3 Nd6 33. Nc3 Rb4
34. Ra2 Rb3 35. Kc2 Rb7 36. Ra6 Nf5 37. Ne2 Kd6 38. Kc3 Ne3 39. Ra3 Nd5+ 40.
Kd3 Rb1 41. Kc2 Rf1 42. Kd2 Nc7 43. Ke3 f5 44. Nc3 g5 45. Rb3 Rh1 46. Rb2 h5
47. Ra2 Rc1 48. Kd2 Rg1 49. Ke3 h4 50. gxh4 gxh4 51. Kf2 Rg8 52. Ne2 Rb8 53.
Nf4 Rb4 54. Rd2 Nb5 55. Ne2 Ke7 56. Ke3 Rb1 57. Nf4 Kf6 58. Rc2 Rb3+ 59. Nd3
f4+ 60. Ke4 Nd6+ 61. Kxf4 Rxd3 62. Rxc6 Rxd4+ 63. Ke3 Nf5+ 64. Ke2 Ra4 0-1

[Event "Chess Ladies Vienna"]
[Site "Haus des Schachsports, 1020 W"]
[Date "2013.05.18"]
[Round "1.3"]
[White "Savina, Anastasia"]
[Black "Boric, Elena"]
[Result "1-0"]
[WhiteElo "2363"]
[BlackElo "2273"]
[PlyCount "81"]
[EventDate "2013.05.18"]
[EventRounds "9"]
[EventCountry "AUT"]

1. d4 f5 2. g3 Nf6 3. Bg2 d6 4. d5 e5 5. dxe6 c6 6. Nh3 Bxe6 7. Nf4 Bf7 8. Nd2
Be7 9. Nf3 Nd5 10. Nd4 Nxf4 11. Bxf4 Na6 12. O-O Qd7 13. Qd3 Nb4 14. Qxf5 c5
15. a3 Qxf5 16. Nxf5 Nxc2 17. Rac1 Nd4 18. Nxd4 cxd4 19. Rc7 g5 20. Bd2 Rb8 21.
Rfc1 h6 22. Bb4 Bd8 23. Rxb7 Rxb7 24. Bxb7 Kd7 25. Bc8+ Ke7 26. Rc6 Bb6 27.
Bxd6+ Kf6 28. Bc7+ Ke7 29. Bd6+ Kf6 30. Bc7+ Ke7 31. Bxb6 axb6 32. Bf5 b5 33.
Bd3 Rb8 34. Rxh6 b4 35. h4 bxa3 36. bxa3 gxh4 37. Rxh4 Ra8 38. Re4+ Kf6 39.
Rf4+ Ke7 40. Rxd4 Rxa3 41. f3 1-0

[Event "Chess Ladies Vienna"]
[Site "Haus des Schachsports, 1020 W"]
[Date "2013.05.18"]
[Round "1.5"]
[White "Newrkla, Katharina"]
[Black "Kostiuk, Tatiana"]
[Result "1/2-1/2"]
[WhiteElo "2133"]
[BlackElo "2321"]
[PlyCount "99"]
[EventDate "2013.05.18"]
[EventRounds "9"]
[EventCountry "AUT"]

1. e4 Nf6 2. e5 Nd5 3. d4 d6 4. c4 Nb6 5. f4 dxe5 6. fxe5 Nc6 7. Be3 Bf5 8. Nc3
e6 9. Nf3 Be7 10. d5 exd5 11. cxd5 Nb4 12. Nd4 Bd7 13. Qf3 c5 14. dxc6 Nxc6 15.
Qe4 Nxd4 16. Bxd4 Bc6 17. Bb5 Rc8 18. O-O O-O 19. Bxc6 Rxc6 20. Rad1 Rc4 21.
Kh1 Qc8 22. Qf3 Qc6 23. b3 Qxf3 24. Rxf3 Rc6 25. Rfd3 Bc5 26. Ne4 Bxd4 27. Rxd4
Re6 28. Nc5 Rxe5 29. Nxb7 Rfe8 30. g3 g6 31. a4 R8e7 32. Nd6 Re1+ 33. Rxe1
Rxe1+ 34. Kg2 Re2+ 35. Kg1 Re5 36. Nb5 a6 37. Nc7 a5 38. Rd6 Re7 39. Rxb6 Rxc7
40. Rb5 Rc1+ 41. Kg2 Rc2+ 42. Kf3 Rb2 43. h4 h5 44. Rxa5 Rxb3+ 45. Kf2 Kg7 46.
Rb5 Ra3 47. a5 Kf6 48. Kg2 Kg7 49. Rc5 Kh6 50. Rc7 1/2-1/2

[Event "Chess Ladies Vienna"]
[Site "Haus des Schachsports, 1020 W"]
[Date "2013.05.19"]
[Round "2.1"]
[White "Umudova, Nargiz"]
[Black "Kostiuk, Tatiana"]
[Result "0-1"]
[WhiteElo "2233"]
[BlackElo "2321"]
[PlyCount "38"]
[EventDate "2013.05.18"]
[EventRounds "9"]
[EventCountry "AUT"]

1. e4 Nf6 2. e5 Nd5 3. d4 d6 4. Nf3 Nc6 5. c4 Nb6 6. e6 fxe6 7. Nc3 e5 8. d5
Nd4 9. Nxd4 exd4 10. Qxd4 e5 11. dxe6 Bxe6 12. Be2 Qf6 13. Qe4 O-O-O 14. O-O
Qf5 15. Qe3 Re8 16. Nb5 Bf7 17. Qd2 Nxc4 18. Nxa7+ Kb8 19. Qb4 Qc5 0-1

[Event "Chess Ladies Vienna"]
[Site "Haus des Schachsports, 1020 W"]
[Date "2013.05.19"]
[Round "2.3"]
[White "Boric, Elena"]
[Black "Kopinits, Anna-Christina"]
[Result "0-1"]
[WhiteElo "2273"]
[BlackElo "2254"]
[PlyCount "102"]
[EventDate "2013.05.18"]
[EventRounds "9"]
[EventCountry "AUT"]

1. e4 e5 2. Nf3 Nc6 3. Bc4 Nf6 4. d3 Be7 5. Nc3 d6 6. a3 O-O 7. h3 Be6 8. Bxe6
fxe6 9. O-O h6 10. b4 a6 11. Rb1 Qe8 12. a4 Nd8 13. b5 a5 14. d4 Nd7 15. dxe5
dxe5 16. Be3 b6 17. Qe2 Nb7 18. Rbd1 Bc5 19. Bc1 Rd8 20. Bb2 Qh5 21. Rd2 Bb4
22. Rfd1 Nd6 23. Ne1 Qxe2 24. Rxe2 Nc4 25. Ba1 Nc5 26. Nd3 Bxc3 27. Bxc3 Nxa4
28. Ba1 Na3 29. Bxe5 Nxb5 30. Ra1 Nac3 31. Re3 Nd4 32. Bxc7 Nxc2 33. Bxd8 Rxd8
34. Rc1 Nxe3 35. Rxc3 Nd1 36. Ra3 Rc8 37. Nf4 Nc3 38. Nxe6 a4 39. Nd4 Rc4 40.
Nf5 b5 41. Nd6 Rd4 42. Rxc3 Rxd6 43. e5 Ra6 44. Rc8+ Kf7 45. Rc7+ Kg6 46. f4 a3
47. Rc1 a2 48. Ra1 b4 49. e6 b3 50. e7 Kf7 51. Re1 Ke8 0-1

[Event "Chess Ladies Vienna"]
[Site "Haus des Schachsports, 1020 W"]
[Date "2013.05.19"]
[Round "2.4"]
[White "Haast, Anne"]
[Black "Savina, Anastasia"]
[Result "1-0"]
[WhiteElo "2260"]
[BlackElo "2363"]
[PlyCount "89"]
[EventDate "2013.05.18"]
[EventRounds "9"]
[EventCountry "AUT"]

1. e4 c5 2. Nf3 Nc6 3. d4 cxd4 4. Nxd4 e5 5. Nb5 d6 6. N1c3 a6 7. Na3 b5 8. Nd5
Nce7 9. Nb4 Nf6 10. c4 Nxe4 11. cxb5 a5 12. Na6 Bb7 13. Qa4 Nc5 14. Nxc5 dxc5
15. Be3 f6 16. Bxc5 Nd5 17. Bxf8 Kxf8 18. Nc4 g6 19. Ne3 Nxe3 20. Qa3+ Kg7 21.
Qxe3 Qe7 22. a3 Rac8 23. h4 Rhd8 24. h5 g5 25. h6+ Kh8 26. Rc1 Qd6 27. Rh3 Rc2
28. Be2 Rd2 29. Rg3 Rxb2 30. Qc3 Rd2 31. Qc7 Qxc7 32. Rxc7 Be4 33. Rgc3 Rb2 34.
f3 Bd5 35. Rc8 Rg8 36. R8c7 Be6 37. Bd3 f5 38. Re7 e4 39. Rcc7 Rg6 40. Rxe6
exd3 41. Re8+ Rg8 42. Rcc8 Re2+ 43. Rxe2 Rxc8 44. Re7 Kg8 45. b6 1-0

[Event "Chess Ladies Vienna"]
[Site "Haus des Schachsports, 1020 W"]
[Date "2013.05.19"]
[Round "2.5"]
[White "Schnegg, Anna-Lena"]
[Black "Exler, Veronika"]
[Result "0-1"]
[WhiteElo "2115"]
[BlackElo "2095"]
[PlyCount "100"]
[EventDate "2013.05.18"]
[EventRounds "9"]
[EventCountry "AUT"]

1. e4 e5 2. Nf3 Nc6 3. Bb5 Nf6 4. O-O Nxe4 5. Re1 Nd6 6. Nxe5 Be7 7. Bd3 Nxe5
8. Rxe5 O-O 9. Nc3 c6 10. b3 Ne8 11. Bb2 d5 12. h3 Bf6 13. Re1 Nc7 14. Qh5 g6
15. Qf3 Ne6 16. Na4 Kg7 17. h4 Bxb2 18. Nxb2 Qxh4 19. c4 Qf6 20. Qxf6+ Kxf6 21.
cxd5 cxd5 22. Na4 b6 23. Nc3 Bb7 24. Rac1 Nd4 25. Nb5 Nxb5 26. Bxb5 Rac8 27.
Bd7 Rxc1 28. Rxc1 Rb8 29. Rc7 a5 30. Bb5 Bc8 31. Kf1 Be6 32. Ke2 Ke5 33. Ke3
d4+ 34. Kd3 Rd8 35. Bc4 Rd6 36. Bxe6 Kxe6 37. Rc4 Ke5 38. Rc7 Ke6 39. Rc4 Ke5
40. Rc7 Rf6 41. f3 Kf4 42. Ke2 Kg3 43. Kf1 g5 44. Rd7 g4 45. Rxd4 gxf3 46. gxf3
Kxf3 47. Rd7 h5 48. d4 h4 49. d5 h3 50. Kg1 Kg3 0-1

[Event "Chess Ladies Vienna"]
[Site "Haus des Schachsports, 1020 W"]
[Date "2013.05.20"]
[Round "3.1"]
[White "Exler, Veronika"]
[Black "Umudova, Nargiz"]
[Result "1-0"]
[WhiteElo "2095"]
[BlackElo "2233"]
[PlyCount "110"]
[EventDate "2013.05.18"]
[EventRounds "9"]
[EventCountry "AUT"]

1. d4 Nf6 2. g3 e6 3. Bg2 c5 4. Nf3 cxd4 5. Nxd4 d5 6. c4 Bb4+ 7. Bd2 Bc5 8. e3
Bxd4 9. exd4 dxc4 10. Be3 Nbd7 11. Nd2 Nb6 12. Rc1 Nfd5 13. Nxc4 Nxc4 14. Rxc4
Bd7 15. Qb3 O-O 16. Bxd5 exd5 17. Rc5 Bh3 18. Rxd5 Qf6 19. Rc5 b6 20. Rc1 Rad8
21. Qb4 Rfe8 22. Kd2 Rxe3 23. Kxe3 Re8+ 24. Kd3 Qf3+ 25. Kc4 Be6+ 26. Kb5 Bd7+
27. Ka6 Bc8+ 28. Rxc8 Rxc8 29. Re1 Qc6 30. Qb5 Qxb5+ 31. Kxb5 Kf8 32. Re2 Rd8
33. Kc4 a6 34. d5 Rd6 35. Kd4 h5 36. f4 h4 37. b4 hxg3 38. hxg3 Rh6 39. a4 Rh1
40. d6 Rd1+ 41. Ke5 Ke8 42. Rc2 Kd8 43. Rc7 f6+ 44. Ke6 Re1+ 45. Kd5 g5 46.
fxg5 fxg5 47. Rg7 a5 48. b5 Rc1 49. Rb7 Ra1 50. Kc6 Rc1+ 51. Kxb6 Rc3 52. Rg7
Rxg3 53. Kxa5 Rd3 54. b6 Kc8 55. d7+ Kd8 1-0

[Event "Chess Ladies Vienna"]
[Site "Haus des Schachsports, 1020 W"]
[Date "2013.05.20"]
[Round "3.2"]
[White "Savina, Anastasia"]
[Black "Schnegg, Anna-Lena"]
[Result "1-0"]
[WhiteElo "2363"]
[BlackElo "2115"]
[PlyCount "99"]
[EventDate "2013.05.18"]
[EventRounds "9"]
[EventCountry "AUT"]

1. d4 Nf6 2. c4 g6 3. Nc3 d5 4. e3 Bg7 5. cxd5 Nxd5 6. Nxd5 Qxd5 7. Ne2 O-O 8.
Nc3 Qd8 9. Be2 c5 10. d5 e6 11. e4 exd5 12. exd5 b6 13. O-O Bb7 14. Qb3 Re8 15.
Bb5 Rf8 16. Bf4 a6 17. Be2 Nd7 18. a4 Re8 19. Rfe1 Bd4 20. Bg3 Ne5 21. Bf1 Rc8
22. Rad1 h5 23. Re4 Qd6 24. Qa3 Rcd8 25. Rexd4 cxd4 26. Qxd6 Rxd6 27. Ne4 Rxd5
28. Nf6+ Kf8 29. Nxd5 Bxd5 30. Rxd4 Bb7 31. Rd6 Nc6 32. b4 Kg8 33. b5 axb5 34.
axb5 Nb4 35. Rxb6 Bd5 36. f3 Rc8 37. Rb8 Rxb8 38. Bxb8 Bb7 39. Kf2 Nd5 40. Bd6
Kg7 41. Ke2 Kf6 42. Kd3 Ke6 43. Bb8 h4 44. Kd4 g5 45. Bc4 f6 46. f4 gxf4 47.
Bxf4 Ba8 48. Bb8 Bb7 49. h3 Ba8 50. g3 1-0

[Event "Chess Ladies Vienna"]
[Site "Haus des Schachsports, 1020 W"]
[Date "2013.05.20"]
[Round "3.4"]
[White "Newrkla, Katharina"]
[Black "Boric, Elena"]
[Result "1-0"]
[WhiteElo "2133"]
[BlackElo "2273"]
[PlyCount "91"]
[EventDate "2013.05.18"]
[EventRounds "9"]
[EventCountry "AUT"]

1. e4 Nf6 2. e5 Nd5 3. d4 d6 4. c4 Nb6 5. f4 dxe5 6. fxe5 c5 7. d5 g6 8. Nc3
Bg7 9. Bf4 O-O 10. Qd2 e6 11. d6 f6 12. Ne4 fxe5 13. Bg5 Qe8 14. Nf3 Nc6 15.
O-O-O Nd4 16. Bh6 Rxf3 17. gxf3 Qa4 18. Bxg7 Qxa2 19. Qc3 Na4 20. Qa3 Qxa3 21.
bxa3 Kxg7 22. h4 Bd7 23. h5 Bc6 24. h6+ Kh8 25. Bg2 Bxe4 26. fxe4 Nc3 27. Rdf1
Nce2+ 28. Kd2 Nf4 29. Rxf4 exf4 30. e5 f3 31. Bh3 Kg8 32. Ke3 Kf7 33. Bg4 Nc6
34. Ke4 Nd4 35. Rf1 Ke8 36. Bxf3 Kd7 37. Bd1 Nf5 38. Ba4+ Kd8 39. Kf4 a6 40.
Rb1 b5 41. cxb5 axb5 42. Bxb5 Rb8 43. a4 c4 44. Rc1 Ra8 45. Rxc4 Nxh6 46. Rc7
1-0

[Event "Chess Ladies Vienna"]
[Site "Haus des Schachsports, 1020 W"]
[Date "2013.05.21"]
[Round "4.3"]
[White "Haast, Anne"]
[Black "Newrkla, Katharina"]
[Result "0-1"]
[WhiteElo "2260"]
[BlackElo "2133"]
[PlyCount "116"]
[EventDate "2013.05.18"]
[EventRounds "9"]
[EventCountry "AUT"]

1. e4 c5 2. Nf3 d6 3. d4 cxd4 4. Nxd4 Nf6 5. Nc3 a6 6. Be3 e5 7. Nb3 Be6 8. f3
Nbd7 9. Qd2 b5 10. O-O-O Rc8 11. Kb1 Be7 12. g4 Nb6 13. Qf2 Nfd7 14. h4 Rxc3
15. bxc3 Na4 16. Qe1 Qc7 17. Rd3 Bc4 18. Bd2 Bxd3 19. cxd3 O-O 20. g5 Ndc5 21.
h5 Ne6 22. Rg1 Rc8 23. c4 bxc4 24. dxc4 Rb8 25. g6 fxg6 26. hxg6 h6 27. c5 Qxc5
28. Be3 Nd4 29. Bxd4 Qxd4 30. Qc1 d5 31. Bxa6 Ba3 32. Qc8+ Rxc8 33. Nxd4 Ra8
34. Nb5 Bc5 35. Bb7 Rb8 36. Bxd5+ Kf8 37. Rf1 Rxb5+ 38. Kc2 Rb2+ 39. Kd3 Rf2
40. Rb1 Nb6 41. Rc1 Nxd5 42. exd5 Bd6 43. Ke4 Rxa2 44. Rb1 Ra7 45. Kf5 Ke7 46.
Rb3 Rc7 47. Kg4 Rc5 48. Rb7+ Kf6 49. Kh5 Rxd5 50. Rf7+ Ke6 51. Kg4 Rd4+ 52. Kh5
Be7 53. f4 exf4 54. Kg4 Bf6 55. Ra7 Ke5 56. Kh5 Rd1 57. Ra5+ Ke4 58. Ra4+ Bd4
0-1

[Event "Chess Ladies Vienna"]
[Site "Haus des Schachsports, 1020 W"]
[Date "2013.05.21"]
[Round "4.4"]
[White "Schnegg, Anna-Lena"]
[Black "Kopinits, Anna-Christina"]
[Result "1/2-1/2"]
[WhiteElo "2115"]
[BlackElo "2254"]
[PlyCount "132"]
[EventDate "2013.05.18"]
[EventRounds "9"]
[EventCountry "AUT"]

1. e4 c5 2. d3 e6 3. g3 d5 4. exd5 exd5 5. d4 Nc6 6. dxc5 Bxc5 7. Bg2 Nf6 8.
Ne2 O-O 9. O-O Bg4 10. h3 Bf5 11. c3 Qd7 12. g4 Be4 13. Nd2 Rfe8 14. Nxe4 Nxe4
15. Bf4 Rad8 16. Qc2 Qe7 17. Ng3 Qf6 18. Nxe4 dxe4 19. Bg3 Qe6 20. Rfe1 e3 21.
fxe3 h5 22. gxh5 Bxe3+ 23. Kh1 Qh6 24. Rad1 Qg5 25. Bh2 Rxd1 26. Qxd1 Rd8 27.
Qg4 Qc5 28. Rd1 Rxd1+ 29. Qxd1 Qf5 30. Qe1 Qg5 31. h4 Qe7 32. b4 a6 33. a4 f5
34. Qf1 Qxh4 35. Bd5+ Kh8 36. Qxf5 Ne7 37. Qf8+ Kh7 38. Bg2 Qxh5 39. Be4+ Ng6
40. Qf3 Qxf3+ 41. Bxf3 b5 42. a5 Bd2 43. Bb7 Bxc3 44. Bd6 Ne5 45. Bxa6 Nc4 46.
Bc5 Nxa5 47. Bxb5 Nb3 48. Bd6 Nd4 49. Bd3+ Kh6 50. Kg2 Kg5 51. Kf2 Nc6 52. b5
Na7 53. Bc5 Nxb5 54. Bxb5 Kf6 55. Bd3 g6 56. Kf3 Kg7 57. Ke4 Bb2 58. Kd5 Bc3
59. Ke6 Bb2 60. Be2 Bc3 61. Ke7 Bb2 62. Ke8 Bc3 63. Ke7 Bb2 64. Ke6 Bc3 65. Bd3
Bb2 66. Bxg6 Kxg6 1/2-1/2

[Event "Chess Ladies Vienna"]
[Site "Haus des Schachsports, 1020 W"]
[Date "2013.05.21"]
[Round "4.5"]
[White "Exler, Veronika"]
[Black "Savina, Anastasia"]
[Result "0-1"]
[WhiteElo "2095"]
[BlackElo "2363"]
[PlyCount "76"]
[EventDate "2013.05.18"]
[EventRounds "9"]
[EventCountry "AUT"]

1. d4 Nf6 2. g3 g6 3. Bg2 Bg7 4. e4 d6 5. Nc3 O-O 6. Nge2 Nbd7 7. O-O c5 8.
dxc5 Nxc5 9. h3 Bd7 10. g4 Bc6 11. Ng3 Rc8 12. Be3 Nfd7 13. Bd4 e5 14. Be3 Nb6
15. Qe2 Ne6 16. Qd3 Nf4 17. Bxf4 exf4 18. Nge2 Be5 19. Nd4 Qf6 20. Rad1 Nd7 21.
Nxc6 bxc6 22. Ne2 Nc5 23. Qf3 Ne6 24. Qd3 c5 25. b3 c4 26. bxc4 Rc7 27. Rb1
Rfc8 28. Rb4 a5 29. Rb5 Rxc4 30. Rxa5 Rxc2 31. Bf3 Qh4 32. Bg2 Ng5 33. f3 Rxe2
34. Qxe2 Nxh3+ 35. Bxh3 Bd4+ 36. Rf2 Qg3+ 37. Kh1 Qxh3+ 38. Rh2 Rc1+ 0-1

[Event "Chess Ladies Vienna"]
[Site "Haus des Schachsports, 1020 W"]
[Date "2013.05.22"]
[Round "5.1"]
[White "Savina, Anastasia"]
[Black "Umudova, Nargiz"]
[Result "1/2-1/2"]
[WhiteElo "2363"]
[BlackElo "2233"]
[PlyCount "90"]
[EventDate "2013.05.18"]
[EventRounds "9"]
[EventCountry "AUT"]

1. d4 Nf6 2. c4 e6 3. Nc3 Bb4 4. Qc2 O-O 5. Nf3 b6 6. Bg5 Bb7 7. e3 h6 8. Bh4
d6 9. Be2 Nbd7 10. O-O Bxc3 11. Qxc3 g5 12. Bg3 Ne4 13. Qc2 f5 14. Nd2 Ndf6 15.
f3 Nxg3 16. hxg3 Nh5 17. Kf2 Qf6 18. Rh1 Ng7 19. f4 c5 20. dxc5 bxc5 21. Rab1
a5 22. Qc3 Qg6 23. Rh2 g4 24. Rbh1 h5 25. Nb1 Qe8 26. Na3 Bc6 27. Nb5 Bxb5 28.
cxb5 a4 29. Bd3 Rb8 30. a3 Qg6 31. Ke2 Rfc8 32. Kd2 Kf7 33. Qc4 Qf6 34. Kc1 d5
35. Qxa4 Ra8 36. Qd1 c4 37. Bc2 c3 38. Qd4 Qe7 39. a4 Rc4 40. Qd3 cxb2+ 41.
Kxb2 Qb4+ 42. Qb3 Qc5 43. Qd3 Qb4+ 44. Qb3 Qe7 45. Qd3 Qb4+ 1/2-1/2

[Event "Chess Ladies Vienna"]
[Site "Haus des Schachsports, 1020 W"]
[Date "2013.05.22"]
[Round "5.2"]
[White "Kopinits, Anna-Christina"]
[Black "Exler, Veronika"]
[Result "1-0"]
[WhiteElo "2254"]
[BlackElo "2095"]
[PlyCount "81"]
[EventDate "2013.05.18"]
[EventRounds "9"]
[EventCountry "AUT"]

1. e4 e5 2. Nf3 Nc6 3. Bc4 Nf6 4. d3 Be7 5. O-O d6 6. c3 O-O 7. Re1 Na5 8. Bb5
a6 9. Ba4 b5 10. Bc2 c5 11. Nbd2 Nc6 12. h3 Qc7 13. Nf1 Be6 14. Qe2 Rab8 15. a3
a5 16. Ne3 Rfe8 17. Ng5 Bf8 18. Nxe6 fxe6 19. Ng4 Qf7 20. Bb3 Nh5 21. g3 Qg6
22. Kh2 Be7 23. f4 Kh8 24. Rf1 Rf8 25. Bd2 exf4 26. gxf4 Bh4 27. Rf3 Bg3+ 28.
Rxg3 Nxg3 29. Kxg3 h5 30. Rf1 a4 31. Ba2 hxg4 32. hxg4 Nd8 33. f5 Qe8 34. g5 g6
35. Qh2+ Kg8 36. Rh1 Qe7 37. Qh8+ Kf7 38. Rh7+ Ke8 39. Rxe7+ Kxe7 40. Qg7+ Rf7
41. Qxg6 1-0

[Event "Chess Ladies Vienna"]
[Site "Haus des Schachsports, 1020 W"]
[Date "2013.05.22"]
[Round "5.3"]
[White "Newrkla, Katharina"]
[Black "Schnegg, Anna-Lena"]
[Result "1/2-1/2"]
[WhiteElo "2133"]
[BlackElo "2115"]
[PlyCount "96"]
[EventDate "2013.05.18"]
[EventRounds "9"]
[EventCountry "AUT"]

1. e4 e5 2. Nf3 Nc6 3. Bb5 a6 4. Ba4 Nf6 5. O-O Be7 6. Re1 b5 7. Bb3 O-O 8. h3
Bb7 9. d3 d6 10. a3 Qd7 11. Nbd2 Rfe8 12. Nf1 Nd8 13. Ne3 Ne6 14. Nf5 Bf8 15.
Ng5 Kh8 16. Qf3 Kg8 17. Nxe6 fxe6 18. Nh6+ Kh8 19. Ng4 Be7 20. Nxf6 Bxf6 21.
Qg4 Qe7 22. c4 Rad8 23. Be3 d5 24. cxb5 axb5 25. Rac1 d4 26. Bd2 c5 27. a4 Ba6
28. Qd1 Rb8 29. axb5 Bxb5 30. Qc2 Qb7 31. Ba2 Qa6 32. Bc4 Bxc4 33. Qxc4 Qxc4
34. Rxc4 Rxb2 35. Ba5 Rc8 36. Kf1 Kg8 37. Rec1 Be7 38. R1c2 Rb3 39. Ke2 Rb5 40.
Bb4 Kf7 41. Ba3 Ke8 42. Ra4 Rb7 43. Ra5 Rbc7 44. Rc4 Kd7 45. Ra6 Rc6 46. Ra5
R6c7 47. Ra6 Rb7 48. Ra5 Rbc7 1/2-1/2

[Event "Chess Ladies Vienna"]
[Site "Haus des Schachsports, 1020 W"]
[Date "2013.05.22"]
[Round "5.4"]
[White "Kostiuk, Tatiana"]
[Black "Haast, Anne"]
[Result "0-1"]
[WhiteElo "2321"]
[BlackElo "2260"]
[PlyCount "52"]
[EventDate "2013.05.18"]
[EventRounds "9"]
[EventCountry "AUT"]

1. d4 Nf6 2. Nf3 d5 3. c4 dxc4 4. e3 Bg4 5. Bxc4 e6 6. O-O Nbd7 7. Nc3 Bb4 8.
Qe2 O-O 9. Rd1 Bxc3 10. bxc3 Ne4 11. Qc2 Bxf3 12. gxf3 Nd6 13. Bd3 f5 14. Ba3
Kh8 15. Bxd6 cxd6 16. Qb3 Nb6 17. Qxe6 Rf6 18. Qb3 Rh6 19. a4 Qg5+ 20. Kf1 Rxh2
21. Ke2 Re8 22. e4 fxe4 23. Bxe4 d5 24. a5 Nc4 25. Ra2 Rxe4+ 26. fxe4 Qg4+ 0-1

[Event "Chess Ladies Vienna"]
[Site "Haus des Schachsports, 1020 W"]
[Date "2013.05.23"]
[Round "6.1"]
[White "Umudova, Nargiz"]
[Black "Boric, Elena"]
[Result "1/2-1/2"]
[WhiteElo "2233"]
[BlackElo "2273"]
[PlyCount "55"]
[EventDate "2013.05.18"]
[EventRounds "9"]
[EventCountry "AUT"]

1. g3 f5 2. Bg2 Nf6 3. d3 e5 4. c4 Be7 5. Nc3 d6 6. e3 O-O 7. Nge2 c6 8. b3 d5
9. O-O Be6 10. Bb2 dxc4 11. dxc4 Na6 12. Na4 Qc7 13. a3 Rad8 14. Qc2 Nc5 15.
Nxc5 Bxc5 16. Qc3 e4 17. Nf4 Bc8 18. Rfd1 Rxd1+ 19. Rxd1 Rd8 20. Rxd8+ Qxd8 21.
Bf1 Qe7 22. b4 Bd6 23. c5 Bxf4 24. exf4 Nd5 25. Bc4 a6 26. Qd2 Be6 27. Be5 Nf6
28. Bxf6 1/2-1/2

[Event "Chess Ladies Vienna"]
[Site "Haus des Schachsports, 1020 W"]
[Date "2013.05.23"]
[Round "6.3"]
[White "Schnegg, Anna-Lena"]
[Black "Kostiuk, Tatiana"]
[Result "0-1"]
[WhiteElo "2115"]
[BlackElo "2321"]
[PlyCount "84"]
[EventDate "2013.05.18"]
[EventRounds "9"]
[EventCountry "AUT"]

1. e4 e5 2. Nf3 Nc6 3. Bb5 a6 4. Ba4 Nf6 5. O-O b5 6. Bb3 Be7 7. Re1 d6 8. c3
O-O 9. h3 Na5 10. Bc2 c5 11. d4 Qc7 12. Nbd2 cxd4 13. cxd4 Nc6 14. Nb3 a5 15.
Be3 a4 16. Nbd2 Be6 17. a3 Na5 18. d5 Bd7 19. Bd3 Qb7 20. Qe2 Rfc8 21. Reb1 Nc4
22. Bg5 Qa6 23. b3 axb3 24. Rxb3 Qa4 25. Rc3 Nb2 26. Bc2 Qa5 27. Rxc8+ Rxc8 28.
Bb3 h6 29. Be3 Qc3 30. Rb1 Ra8 31. Nf1 Qxb3 32. Rxb2 Qxa3 33. Ng3 Ra4 34. Bb6
Ra6 35. Be3 Bd8 36. Nf5 Nxe4 37. N3h4 Bxh4 38. Qg4 Bg5 39. Bxg5 Bxf5 40. Qxf5
Nxg5 41. Rc2 Ra8 42. h4 Nh7 0-1

[Event "Chess Ladies Vienna"]
[Site "Haus des Schachsports, 1020 W"]
[Date "2013.05.24"]
[Round "7.1"]
[White "Kopinits, Anna-Christina"]
[Black "Umudova, Nargiz"]
[Result "0-1"]
[WhiteElo "2254"]
[BlackElo "2233"]
[PlyCount "68"]
[EventDate "2013.05.18"]
[EventRounds "9"]
[EventCountry "AUT"]

1. Nf3 c5 2. c4 Nc6 3. Nc3 e5 4. e3 f5 5. d4 e4 6. d5 Nb8 7. Nd2 Nf6 8. Be2 g6
9. f3 exf3 10. Bxf3 Bh6 11. e4 d6 12. O-O O-O 13. exf5 Bxf5 14. Nde4 Bxc1 15.
Qxc1 Bxe4 16. Bxe4 Nbd7 17. b3 Qe7 18. Qg5 Qe5 19. Qxe5 Nxe5 20. Bf3 a6 21. a4
Rae8 22. Be2 Ned7 23. a5 Re3 24. Rf3 Rfe8 25. Rxe3 Rxe3 26. Rc1 Ne4 27. Nxe4
Rxe4 28. Kf2 Kf7 29. Rb1 Ke7 30. h3 Kd8 31. Bg4 Ne5 32. Be6 h5 33. g3 Kc7 34.
Re1 Nd3+ 0-1

[Event "Chess Ladies Vienna"]
[Site "Haus des Schachsports, 1020 W"]
[Date "2013.05.24"]
[Round "7.2"]
[White "Newrkla, Katharina"]
[Black "Savina, Anastasia"]
[Result "1/2-1/2"]
[WhiteElo "2133"]
[BlackElo "2363"]
[PlyCount "62"]
[EventDate "2013.05.18"]
[EventRounds "9"]
[EventCountry "AUT"]

1. e4 c5 2. Nf3 Nc6 3. d4 cxd4 4. Nxd4 Nf6 5. Nc3 e6 6. Ndb5 Bb4 7. a3 Bxc3+ 8.
Nxc3 d5 9. exd5 exd5 10. Bd3 O-O 11. O-O d4 12. Ne4 Bf5 13. Bg5 Bxe4 14. Bxe4
h6 15. Bxf6 Qxf6 16. Bxc6 bxc6 17. Re1 Rab8 18. b3 Rb5 19. Qd3 Rd8 20. Re4 Rc5
21. Rae1 g6 22. Re8+ Rxe8 23. Rxe8+ Kh7 24. Re4 Rc3 25. Qxd4 Rxc2 26. h3 Rc1+
27. Kh2 Qxd4 28. Rxd4 Rc3 29. Ra4 Rxb3 30. Rxa7 Kg7 31. a4 Ra3 1/2-1/2

[Event "Chess Ladies Vienna"]
[Site "Haus des Schachsports, 1020 W"]
[Date "2013.05.24"]
[Round "7.5"]
[White "Boric, Elena"]
[Black "Haast, Anne"]
[Result "0-1"]
[WhiteElo "2273"]
[BlackElo "2260"]
[PlyCount "74"]
[EventDate "2013.05.18"]
[EventRounds "9"]
[EventCountry "AUT"]

1. e4 c5 2. Nf3 e6 3. d4 cxd4 4. Nxd4 Nc6 5. Nb5 d6 6. c4 Nf6 7. N1c3 a6 8. Nd4
Qa5 9. Nb3 Qc7 10. Bf4 Ne5 11. Nd2 b6 12. Be2 Be7 13. O-O O-O 14. Bg3 Ned7 15.
Rc1 Bb7 16. Re1 Rfe8 17. Bf1 g6 18. h3 Rac8 19. Bh2 Nh5 20. Be2 Ng7 21. Kh1 Qb8
22. f4 Qa8 23. Bf3 Nc5 24. Qe2 d5 25. cxd5 exd5 26. e5 Nf5 27. Qf1 Bh4 28. Re2
d4 29. Bxb7 Qxb7 30. Nce4 d3 31. Ree1 Bxe1 32. Rxe1 Nxe4 33. Nxe4 Red8 34. Qf2
Qxe4 35. Rxe4 Rc1+ 36. Re1 Rxe1+ 37. Qxe1 d2 0-1

[Event "Chess Ladies Vienna"]
[Site "Haus des Schachsports, 1020 W"]
[Date "2013.05.25"]
[Round "8.1"]
[White "Umudova, Nargiz"]
[Black "Haast, Anne"]
[Result "1/2-1/2"]
[WhiteElo "2233"]
[BlackElo "2260"]
[PlyCount "110"]
[EventDate "2013.05.18"]
[EventRounds "9"]
[EventCountry "AUT"]

1. e4 c5 2. Nf3 e6 3. d3 Nc6 4. g3 d5 5. Nbd2 g6 6. Bg2 Bg7 7. O-O Nge7 8. Re1
b6 9. e5 Qc7 10. Qe2 g5 11. Nxg5 Nxe5 12. c4 O-O 13. Nb3 Bb7 14. Bf4 N7g6 15.
Bd2 Rad8 16. f4 Nc6 17. Qh5 h6 18. Nxe6 fxe6 19. Qxg6 Qf7 20. Qxe6 Qxe6 21.
Rxe6 dxc4 22. Bxc6 Bxc6 23. Rxc6 cxb3 24. axb3 Rxd3 25. Bc3 Rf7 26. Rg6 Kh7 27.
Rxg7+ Rxg7 28. Bxg7 Kxg7 29. Rxa7+ Kf6 30. b4 cxb4 31. Rb7 Kf5 32. Rxb6 Kg4 33.
Kf2 Rd2+ 34. Ke3 Rxh2 35. Rxb4 Kxg3 36. Rb6 Kg4 37. b4 Kf5 38. Rb5+ Kf6 39. Kf3
h5 40. Rb6+ Kf5 41. Rb5+ Kf6 42. Rc5 h4 43. Kg4 h3 44. b5 Rf2 45. Rc6+ Kg7 46.
Rc7+ Kf6 47. Rc6+ Kg7 48. Rc7+ Kf6 49. Rh7 h2 50. Kg3 Rb2 51. Rh6+ Kg7 52. Rxh2
Rxb5 53. Kg4 Ra5 54. Rb2 Rc5 55. f5 Rc1 1/2-1/2